The Silva Mind Control Method (Record no. 95956)

MARC details
000 -LEADER
fixed length control field 00524nam a2200217Ia 4500
005 - DATE AND TIME OF LATEST TRANSACTION
control field 20251121230821.0
008 - FIXED-LENGTH DATA ELEMENTS--GENERAL INFORMATION
fixed length control field 230125s9999 xx 000 0 und d
020 ## - INTERNATIONAL STANDARD BOOK NUMBER
International Standard Book Number 978-93-81754-7
041 ## - LANGUAGE CODE
Language code of text/sound track or separate title eng
082 ## - DEWEY DECIMAL CLASSIFICATION NUMBER
Classification number 158.1
Item number SIL
100 ## - MAIN ENTRY--PERSONAL NAME
Author Silva J
245 ## - TITLE STATEMENT
Title The Silva Mind Control Method
260 ## - PUBLICATION, DISTRIBUTION, ETC.
Name of publisher, distributor, etc. Three Ess Publisher
Place of publication, distribution, etc. Delhi
300 ## - PHYSICAL DESCRIPTION
Extent 231p
440 ## - SERIES STATEMENT/ADDED ENTRY--TITLE
Volume/sequential designation 1
500 ## - GENERAL NOTE
Keywords Personality Development
650 ## - SUBJECT ADDED ENTRY--TOPICAL TERM
Topical term or geographic name entry element Aptitude Tests
700 ## - ADDED ENTRY--PERSONAL NAME
Personal name Silva J
942 ## - ADDED ENTRY ELEMENTS (KOHA)
Koha item type Books
906 ## - LOCAL DATA ELEMENT F, LDF (RLIN)
b 27
Holdings
Withdrawn status Lost status Damaged status Not for loan Home library Current library Date acquired Vendor Net Price Bill number Total Checkouts Full call number Barcode Date last seen Actual Price Bill Date Koha item type Original Barcode
        Smt. Hiraben Nanavati Institute of Management & Research for Women Smt. Hiraben Nanavati Institute of Management & Research for Women 12/03/2019 Pritam Book Centre 145.00 10808   158.1 SIL B18713 HIMR-BK-18713 25/01/2023 118.00 11/03/2019 Books B18713